000 00680nam a2200253Ia 4500
003 OSt
005 20220912151623.0
006 a|||||r|||| 00| 0
007 ta
008 220909b |||||||| |||| 00| 0 eng d
024 _a41963
037 _cTextual
040 _aCSL
_beng
_cCSL
041 _aeng
082 _aD65,8(B)92, N0
100 _aDunn Robert H
245 0 _aSoftware quality: Concepts and plaus
260 _aEnglewood
_bCliffs Prentice Hall
_c1990
300 _a296p.
_ccm.
650 _a Computer programming language
650 _aComputer science
942 _hD65,8(B)92, N0
_cTEXL
_2CC
999 _c72605
_d72605